Acta Mathematica VietNamica

Đã lưu trong:
Bibliografiske detaljer
Format: Bog
Sprog:Undetermined
Udgivet: Ha Noi VietNam Academy of Science and Technology 2018
Fag:
Tags: Tilføj Tag
Ingen Tags, Vær først til at tagge denne postø!
Thư viện lưu trữ: Trung tâm Học liệu Trường Đại học Cần Thơ
LEADER 00534nam a2200169Ia 4500
001 CTU_238355
008 210402s9999 xx 000 0 und d
082 |a 510 
082 |b A188 
245 0 |a Acta Mathematica VietNamica 
245 0 |c Institute of Mathematics VietNam Academy of Science and Technology HaNoi VietNam 
260 |a Ha Noi 
260 |b VietNam Academy of Science and Technology 
260 |c 2018 
650 |a Toán học,Mathematics 
904 |i T.Trang 
980 |a Trung tâm Học liệu Trường Đại học Cần Thơ